Catálogo
 En Linea

Tu amigo 3 : (Registro nro. 54113)

Detalles MARC
000 -CABECERA
campo de control de longitud fija 00837nam a2200277 i 4500
003 - IDENTIFICADOR DEL NÚMERO DE CONTROL
campo de control DO-SdBNP
005 - FECHA Y HORA DE LA ÚLTIMA TRANSACCIÓN
campo de control 20230705142252.0
007 - CAMPO FIJO DE DESCRIPCIÓN FÍSICA--INFORMACIÓN GENERAL
campo de control de longitud fija ta
008 - DATOS DE LONGITUD FIJA--INFORMACIÓN GENERAL
campo de control de longitud fija 230705b1976 dr abc|| |||| 00| 0 spa d
020 ## - NÚMERO INTERNACIONAL ESTÁNDAR DEL LIBRO
Número Internacional Estándar del Libro 8439978804
040 ## - FUENTE DE LA CATALOGACIÓN
Centro catalogador/agencia de origen DO-SdBNP
Lengua de catalogación spa
Centro/agencia transcriptor BNPHU
Normas de descripción rda
082 #4 - NÚMERO DE LA CLASIFICACIÓN DECIMAL DEWEY
Número de clasificación 372.61
Número de documento/Ítem T790a
Número de edición 22
245 00 - MENCIÓN DE TÍTULO
Título Tu amigo 3 :
Resto del título libro dominicano de lectura.
264 ## - PRODUCCIÓN, PUBLICACIÓN, DISTRIBUCIÓN, FABRICACIÓN Y COPYRIGHT
Producción, publicación, distribución, fabricación y copyright Santo Domingo :
Nombre del de productor, editor, distribuidor, fabricante Susaeta,
Fecha de producción, publicación, distribución, fabricación o copyright 1976.
300 ## - DESCRIPCIÓN FÍSICA
Extensión 111 páginas :
Otras características físicas ilustraciones, retratos, mapas ;
Dimensiones 26 cm.
336 ## - TIPO DE CONTENIDO
Fuente rdacontent
Término de tipo de contenido texto
Código de tipo de contenido txt
337 ## - TIPO DE MEDIO
Fuente rdamedia
Nombre/término del tipo de medio sin mediación
Código del tipo de medio n
338 ## - TIPO DE SOPORTE
Fuente rdacarrier
Nombre/término del tipo de soporte volumen
Código del tipo de soporte nc
490 1# - MENCIÓN DE SERIE
Mención de serie Escuela dominicana ;
500 ## - NOTA GENERAL
Nota general Tercer grado de primaria
590 ## - NOTA LOCAL (RLIN)
Nota local Inventariado, 2023/BT
650 #4 - PUNTO DE ACCESO ADICIONAL DE MATERIA--TÉRMINO DE MATERIA
Término de materia o nombre geográfico como elemento de entrada Lengua y literatura
9 (RLIN) 43315
650 #4 - PUNTO DE ACCESO ADICIONAL DE MATERIA--TÉRMINO DE MATERIA
Término de materia o nombre geográfico como elemento de entrada Literatura
Subdivisión general Enseñanza
9 (RLIN) 5023
910 ## - DATOS DE OPCIÓN DEL USUARIO (OCLC)
Datos de opción del usuario Btavárez
942 ## - ELEMENTOS DE PUNTO DE ACCESO ADICIONAL (KOHA)
Fuente del sistema de clasificación o colocación Dewey Decimal Classification
Tipo de ítem Koha Libro
Existencias
Estado de retiro Estado de pérdida Fuente del sistema de clasificación o colocación Restricciones de uso No para préstamo Código de colección Localización permanente Ubicación/localización actual Ubicación en estantería Fecha de adquisición Fuente de adquisición Total de préstamos Signatura topográfica completa Código de barras Fecha visto por última vez Precio válido a partir de Tipo de ítem Koha Nota pública Número de copia
    Dewey Decimal Classification Excluido de préstamo   Patrimonio Dominicano Biblioteca Nacional Pedro Henríquez Ureña Biblioteca Nacional Pedro Henríquez Ureña En catalogación 05.07.2023 Donación   BNPHU PD 372.61 T790a 2023-3112 05.07.2023 05.07.2023 Libro Perteneció a la biblioteca personal de Bárbara Suncar.  
    Dewey Decimal Classification Excluido de préstamo   Patrimonio Dominicano Biblioteca Nacional Pedro Henríquez Ureña Biblioteca Nacional Pedro Henríquez Ureña En catalogación 05.07.2023 Donación   BNPHU PD372.61 T790a 2023-3113 05.07.2023 05.07.2023 Libro Perteneció a la biblioteca personal de Bárbara Suncar. e.2

Con tecnología Koha